000 00873nam a22002897a 4500
003 BPGM
008 260220s1981 mx ao||gr|||| 001 0 spa d
040 _bspa
041 _hspa
050 _aI/398.2/
_bL52
245 _aMI LIBRO ENCANTADO
250 _a19a
_b1981
260 _aMÉXICO:
_bCUMBRE S.A
_c1981
300 _a2,565 páginas;
_c23.5 cm x 17.5 cm
336 _2rdacontent
_atexto
_btxt
337 _2rdamedia
_asin mediación
_bn
338 _2rdacarrier
_avolumen
_bnc
490 0 _aMI LIBRO ENCANTADO
505 _aLITERATURA INFANTIL
650 _aCIENCIAS SOCIALES
650 _aCOSTUMBRES, ETIQUETA, FOLCLOR
650 _aFOLCLOR
700 _aSANTOS TORROELLA, RAFAEL
_cDIRECCIÓN LITERARI
700 _aRIBA RICART, JOSÉ M.
_cDIRECCIÓN TÉCNICA
700 _aMIRALLES GACÍA, NICOÁS Y VICENTE
_cDIRECCIÓN ARTÍSTICA
942 _2ddc
_cBKN
999 _c68521
_d68521